000 00883nam a2200241 i 4500
001 81658
003 ES-MaACL
005 20250702194159.0
007 t|
008 041105s1930 sp a |||| | spa d
080 _a930.85(44)"13/14"
080 _a930.85(492/493)"13/14"
100 1 _aHuizinga, Johan.
_964685
245 1 3 _aEl otoño de la Edad Media
_b: estudios sobre las formas de la vida y del espíritu durante los siglos XIV y XV en Francia y en los Países Bajos /
_cJohan Huizinga ; traducción de la edición alemana por José Gaos.
260 _aMadrid :
_bRevista de Occidente,
_c[1930] (
_fGalo Sáez)
300 _a2 v. :
_bil. ;
_c23 cm.
650 4 _aCivilización medieval.
_9146249
650 4 _a
_9241207
651 4 _aPaíses Bajos-
_xCivilización.
_9159817
700 1 _aGaos, José.
_953902
852 _aES-MaACL
_jA-3513-14
999 _c81658
_d81658